000 00410nam a2200181Ia 4500
008 210210b1957 xxu||||| |||| 00| 0 eng d
041 _aeng
082 _a822/1262
100 _aWEST (Morris)
245 _aChildren of the sun
260 _aLondon
_bWilliam Heinemann Ltd.
_c1957
650 _athe
650 _asun
650 _aof
650 _aChildren
690 _aEnglish Prose
906 _a013444
999 _c132314
_d132314